| 000 | 00574nam a2200169 i 4500 | ||
|---|---|---|---|
| 001 | 129666 | ||
| 003 | ES-MaACL | ||
| 007 | t| | ||
| 008 | 070702s1975 sp ||||1| spa d | ||
| 100 | 1 |
_aZomeño Merino, Julián. _9118339 |
|
| 245 | 1 | 0 |
_aParámetros hacia la futura empresa _b: (constantes y variables en la evolución comunitaria laboral) / _cJulián Zomeño Merino. |
| 260 |
_a[Castellón : _bs.n., _c1975] ( _fImp. F. Armengot) |
||
| 300 |
_a250 p. ; _c25 cm. |
||
| 650 | 1 | 7 |
_aEmpresas _2embne _912209 |
| 852 |
_aES-MaACL _jE-8806 _bR.93286 |
||
| 999 |
_c129666 _d129666 |
||